000 00582nam a22001697a 4500
003 OSt
005 20260406113502.0
008 260406b |||||||| |||| 00| 0 eng d
040 _cMRSPTU
041 _aEnglish
100 _aDikshant, Supervisor: Dr. Amit Bhatia
245 _aDevelopment, Optimization and Characterization of Ginger Extract-Loaded Silver Nanoparticle Spray
260 _bDepartment of Pharmacy, MRSPTU, Bathinda
_c2024
650 _aPharmaceutical Sciences and Technology
856 _uhttp://163.47.215.52:8080/jspui/handle/123456789/869
942 _2ddc
_cTH
_n0
999 _c11288
_d11288